[Event "Trapani Province-ch"]
[Site "Erice"]
[Date "2012.01.29"]
[Round "6"]
[White "Oddo, Salvatore"]
[Black "Mancuso, Fabrizio"]
[Result "1/2-1/2"]
[WhiteElo "1625"]
[BlackElo "1636"]
[PlyCount "84"]
[EventDate "2012.01.15"]
[EventType "swiss"]
[EventRounds "6"]
[EventCountry "ITA"]
[SourceTitle "EXT 2024"]
[Source "ChessBase"]
[SourceDate "2023.10.10"]
[SourceVersion "1"]
[SourceVersionDate "2023.10.10"]
[SourceQuality "1"]

1. Nf3 d5 2. g3 Bf5 3. d3 Nf6 4. Nbd2 Nbd7 5. Bg2 e6 6. 0-0 Bc5 7. c3 a5 8. a4 0-0 9. Qc2 Re8 10. e4 dxe4 11. dxe4 Bg6 12. Nh4 Bh5 13. Nc4 Nb6 14. Nxb6 Bxb6 15. h3 e5 16. Nf5 Qd7 17. Bg5 Qe6 18. g4 Bg6 19. Rfd1 Rad8 20. Rxd8 Rxd8 21. Rd1 Rxd1+ 22. Qxd1 Qd7 23. Qxd7 Nxd7 24. Ne7+ Kf8 25. Nxg6+ hxg6 26. b4 axb4 27. cxb4 c5 28. a5 Bc7 29. bxc5 Bxa5 30. Be3 Bb4 31. Bf1 Bxc5 32. Bxc5+ Nxc5 33. f3 b6 34. Kf2 g5 35. Ke3 Ke7 36. Kd2 Kd6 37. Kc3 Nb7 38. Kc4 Kc6 39. Kb4 Nd6 40. Be2 g6 41. Bd3 b5 42. Be2 Nc4 1/2-1/2

[Event "Sicilia Regional-ch"]
[Site "Marsala"]
[Date "2011.06.04"]
[Round "3"]
[White "Oddo, Salvatore"]
[Black "Maggio, Baldassare"]
[Result "1-0"]
[WhiteElo "1644"]
[BlackElo "1503"]
[PlyCount "131"]
[EventDate "2011.06.01"]
[EventType "swiss"]
[EventRounds "7"]
[EventCountry "ITA"]
[SourceTitle "EXT 2023"]
[Source "ChessBase"]
[SourceDate "2022.10.05"]
[SourceVersion "1"]
[SourceVersionDate "2022.10.05"]
[SourceQuality "1"]

1. Nf3 d5 2. g3 c5 3. d3 Nc6 4. Nbd2 Bf5 5. Bg2 Nf6 6. 0-0 e5 7. c3 Bd6 8. Nh4 Be6 9. e4 Qd7 10. Re1 g5 11. Nhf3 h6 12. Nf1 d4 13. a4 Nh5 14. cxd4 cxd4 15. Nxd4 Nxd4 16. Qxh5 Bg4 17. Bh3 Bxh5 18. Bxd7+ Kxd7 19. Ne3 Nf3+ 20. Kf1 Nxe1 21. Kxe1 Bg6 22. Bd2 Ke6 23. Bc3 h5 24. Nd5 f6 25. b4 h4 26. g4 Rac8 27. Kd2 Be8 28. f3 Bc6 29. Ne3 a6 30. Nf5 Rh7 31. d4 Be8 32. d5+ Kd7 33. b5 Rc4 34. bxa6 bxa6 35. Rb1 Bg6 36. Rb7+ Rc7 37. Nxd6 Kxd6 38. Rb6+ Kd7 39. Rxf6 Rxc3 40. Kxc3 Be8 41. Rxa6 Re7 42. a5 Kc8 43. Kb4 Rb7+ 44. Rb6 Rxb6+ 45. axb6 Kd8 46. Ka5 Kc8 47. Kb4 Kd8 48. Kc5 Kd7 49. d6 Kc8 50. Kd5 Kb7 51. Kxe5 Kxb6 52. Kf5 Kc5 53. Ke6 Kd4 54. Kf6 Ke3 55. e5 Kxf3 56. Kxg5 Bd7 57. Kxh4 Ke4 58. Kg5 Kxe5 59. h4 Kxd6 60. h5 Be6 61. h6 Bg8 62. Kf6 Bh7 63. g5 Kd7 64. g6 Bxg6 65. Kxg6 Ke8 66. h7 1-0

[Event "Trapani Province-ch"]
[Site "Erice"]
[Date "2011.02.12"]
[Round "2"]
[White "Oddo, Salvatore"]
[Black "Mancuso, Fabrizio"]
[Result "0-1"]
[WhiteElo "1647"]
[BlackElo "1527"]
[PlyCount "76"]
[EventDate "2011.02.12"]
[EventType "swiss"]
[EventRounds "6"]
[EventCountry "ITA"]
[SourceTitle "EXT 2024"]
[Source "ChessBase"]
[SourceDate "2023.10.10"]
[SourceVersion "1"]
[SourceVersionDate "2023.10.10"]
[SourceQuality "1"]

1. Nf3 Nf6 2. g3 d5 3. Bg2 Nc6 4. d3 Bg4 5. Nbd2 e5 6. e4 dxe4 7. dxe4 Nd4 8. 0-0 Be7 9. c3 Nc6 10. Qc2 Qd7 11. Re1 0-0 12. Nc4 Bd6 13. Rd1 Rad8 14. Bg5 Qe6 15. Ne3 Bxf3 16. Bxf3 h6 17. Bxf6 Qxf6 18. Bg2 Rfe8 19. Nf5 Ne7 20. b4 a6 21. a4 c6 22. Nxd6 Rxd6 23. Rxd6 Qxd6 24. Rd1 Qc7 25. Qd3 b5 26. a5 c5 27. Qd7 Qxd7 28. Rxd7 cxb4 29. cxb4 Nc6 30. Bf3 g6 31. Bd1 Rd8 32. Rd5 Rxd5 33. exd5 Nxb4 34. d6 Kf8 35. Bf3 Ke8 36. Kf1 Kd7 37. Ke2 Kxd6 38. Kd2 Nc6 0-1

[Event "Trapani Province-ch"]
[Site "Erice"]
[Date "2010.01.17"]
[Round "4"]
[White "Guarino, Giuseppe"]
[Black "Oddo, Salvatore"]
[Result "0-1"]
[WhiteElo "1497"]
[BlackElo "1547"]
[PlyCount "74"]
[EventDate "2010.01.10"]
[EventType "swiss"]
[EventRounds "6"]
[EventCountry "ITA"]
[SourceTitle "EXT 2024"]
[Source "ChessBase"]
[SourceDate "2023.10.10"]
[SourceVersion "1"]
[SourceVersionDate "2023.10.10"]
[SourceQuality "1"]

1. e4 d6 2. d4 Nd7 3. Nf3 e5 4. dxe5 Nxe5 5. Nxe5 dxe5 6. Qxd8+ Kxd8 7. Bc4 Ke7 8. 0-0 Be6 9. Bb3 Rd8 10. Be3 b6 11. Nc3 a6 12. f4 exf4 13. Bxf4 Rd7 14. e5 Kd8 15. Bxe6 fxe6 16. Rad1 Bc5+ 17. Kh1 Rxd1 18. Rxd1+ Ke8 19. Ne4 Be7 20. Ng5 Bxg5 21. Bxg5 Ne7 22. c4 Rf8 23. Bxe7 Kxe7 24. Kg1 Rf5 25. Re1 Kd7 26. Re4 h5 27. g4 Rg5 28. h3 Kc6 29. h4 Rxg4+ 30. Rxg4 hxg4 31. Kg2 Kc5 32. Kg3 Kd4 33. Kxg4 Kxe5 34. Kg5 Kd4 35. Kf4 e5+ 36. Kf3 e4+ 37. Ke2 Kxc4 0-1

[Event "Nicolo La Rosa op 17th"]
[Site "Mazara del Vallo"]
[Date "2009.08.08"]
[Round "4"]
[White "Lo Piccolo, Antonino"]
[Black "Oddo, Salvatore"]
[Result "1-0"]
[WhiteElo "1719"]
[BlackElo "1496"]
[PlyCount "53"]
[EventDate "2009.08.07"]
[EventType "swiss"]
[EventRounds "6"]
[EventCountry "ITA"]
[SourceTitle "EXT 2011"]
[Source "ChessBase"]
[SourceDate "2010.11.26"]
[SourceVersion "1"]
[SourceVersionDate "2010.11.26"]
[SourceQuality "1"]

1. d4 Nf6 2. c4 g6 3. Nc3 Bg7 4. e4 d6 5. f4 0-0 6. Nf3 Re8 7. h3 c5 8. d5 e6 9. Bd3 exd5 10. cxd5 Bf5 11. Nd2 Nh5 12. 0-0 Bd4+ 13. Kh2 Bd7 14. Nf3 Bxc3 15. bxc3 Nf6 16. c4 a6 17. e5 dxe5 18. fxe5 Nh5 19. Bg5 f6 20. exf6 Nxf6 21. Qd2 Ne4 22. Bxe4 Qc7+ 23. Bf4 Qd8 24. Rfe1 Qf6 25. d6 Rxe4 26. Rxe4 Bc6 27. Be5 1-0

[Event "Nicolo La Rosa op 17th"]
[Site "Mazara del Vallo"]
[Date "2009.08.07"]
[Round "2"]
[White "Oddo, Salvatore"]
[Black "Castelli, Giovanni J"]
[Result "1-0"]
[WhiteElo "1496"]
[BlackElo "1623"]
[PlyCount "83"]
[EventDate "2009.08.07"]
[EventType "swiss"]
[EventRounds "6"]
[EventCountry "ITA"]
[SourceTitle "EXT 2011"]
[Source "ChessBase"]
[SourceDate "2010.11.26"]
[SourceVersion "1"]
[SourceVersionDate "2010.11.26"]
[SourceQuality "1"]

1. Nf3 Nf6 2. g3 g6 3. Bg2 Bg7 4. 0-0 0-0 5. d3 d6 6. Nbd2 e5 7. e4 Nc6 8. c3 Bd7 9. a4 Qc8 10. Re1 Bh3 11. Bh1 Ng4 12. Qc2 h6 13. Nf1 Kh7 14. Ne3 Nxe3 15. Rxe3 Qg4 16. Nh4 Qe6 17. b4 a6 18. Bb2 b5 19. a5 Rad8 20. Nf3 f5 21. exf5 gxf5 22. Nh4 d5 23. d4 e4 24. Rae1 Kh8 25. f4 Rg8 26. Kf2 Bf6 27. Nf3 Qe7 28. Ne5 Bxe5 29. dxe5 d4 30. cxd4 Nxd4 31. Qc3 Ne6 32. Qc6 Bg4 33. Bc3 Ra8 34. Bxe4 fxe4 35. Rxe4 Rgd8 36. f5 Bxf5 37. Rh4 Kh7 38. Qf3 Bg6 39. Qe3 Qg7 40. Bd2 Rd3 41. Rxh6+ Qxh6 42. Qxh6+ 1-0

[Event "Nicolo La Rosa op 15th"]
[Site "Mazara del Vallo"]
[Date "2007.08.12"]
[Round "5"]
[White "Profera, Bruno"]
[Black "Oddo, Salvatore"]
[Result "1-0"]
[WhiteElo "1380"]
[BlackElo "1601"]
[PlyCount "67"]
[EventDate "2007.08.10"]
[EventType "swiss"]
[EventRounds "6"]
[EventCountry "ITA"]
[SourceTitle "EXT 2011"]
[Source "ChessBase"]
[SourceDate "2010.11.26"]
[SourceVersion "1"]
[SourceVersionDate "2010.11.26"]
[SourceQuality "1"]

1. e4 d6 2. Nf3 e6 3. d4 Bd7 4. Nc3 Be7 5. Bc4 Nc6 6. d5 exd5 7. exd5 Nb8 8. 0-0 Nf6 9. Re1 0-0 10. Bg5 Bg4 11. h3 Bh5 12. Qe2 Re8 13. Bxf6 gxf6 14. Bb5 Nd7 15. Bxd7 Qxd7 16. Qb5 c6 17. dxc6 bxc6 18. Qxh5 d5 19. Qg4+ Qxg4 20. hxg4 a6 21. Nd4 Rac8 22. Nf5 Kf8 23. Nxe7 Rxe7 24. Rxe7 Kxe7 25. f3 Kd6 26. Kf2 Re8 27. Rh1 Rh8 28. Rd1 h5 29. gxh5 Rxh5 30. Ne4+ Ke5 31. Nc5 a5 32. Nd7+ Ke6 33. Nc5+ Kd6 34. Nb7+ 1-0